000 00728nam a2200193 a 4500
005 20140412111312.0
008 010326s19uu xx 00 eng d
020 _a0-7835-1303-8
050 _aREF 170
_bC54La v.4
245 _aThe Land of toys :
_ba book about looking after our toys.
260 _aAsia :
_bTime Life Asia,
_c1997.
300 _a32 p. ; ill.
440 _aA Child's First Library of Values
500 _aw/ casette tape
520 _aKen thinks his new toys are boring and he wants to throw them away. However, a visit to the land of unwanted toys makes him realize just how lucky he is and why he should look after his toys.
650 _aValues
650 _aToys stories - Fiction
999 _c104020
_d104020